[Event "Wintertime blues"]
[Site "SchemingMind.com"]
[Date "2024.02.07"]
[Round "-"]
[White "Phillip Beckett"]
[Black "kenneth m day"]
[Result "0-1"]
[WhiteCountry "ENG"]
[BlackCountry "USA"]
[WhiteElo "1461"]
[WhiteRD "52"]
[BlackElo "1690"]
[BlackRD "59"]
[GameID "742177"]

1. e4 e5 2. f4 d6 3. Nf3 Nc6 4. fxe5 dxe5 5. Bb5 Qd6 6. O-O Bd7 7. Kh1 O-O-O 8. d3 Nf6 9. Be3 a6 10. Ba4 h6
11. Nc3 Be7 12. Nh4 Ng4 13. Nf5 Bxf5 14. exf5 Nxe3 15. Qe2 Nxf1 16. Rxf1 Nd4 17. Qe4 g6 18. Bb3 gxf5 19. Qe1 Nxb3 20. axb3 Qe6
0-1

[Event "Wintertime blues"]
[Site "SchemingMind.com"]
[Date "2024.02.07"]
[Round "-"]
[White "kenneth m day"]
[Black "Phillip Beckett"]
[Result "1-0"]
[WhiteCountry "USA"]
[BlackCountry "ENG"]
[WhiteElo "1690"]
[WhiteRD "59"]
[BlackElo "1461"]
[BlackRD "52"]
[GameID "742178"]

1. e4 e5 2. f4 Qh4+ 3. g3 Qe7 4. d3 exf4 5. Bxf4 d5 6. Nc3 c6 7. Qe2 dxe4 8. dxe4 Nf6 9. O-O-O Bg4 10. Nf3 Nbd7
11. h3 O-O-O 12. hxg4 Nb6 13. g5 Nfd7 14. Bh3 h6 15. gxh6 gxh6 16. Rd2 Bg7 17. Qe3 Bxc3 18. Qxc3 Na8 19. Re1 Nc7 20. Be5 Rhe8
21. Bf6
1-0

[Event "Wintertime blues"]
[Site "SchemingMind.com"]
[Date "2024.02.16"]
[Round "-"]
[White "Kenny Elliott"]
[Black "Phillip Beckett"]
[Result "0-1"]
[WhiteCountry "USA"]
[BlackCountry "ENG"]
[WhiteElo "1452"]
[WhiteRD "72"]
[BlackElo "1484"]
[BlackRD "54"]
[GameID "742355"]

1. e4 e5 2. f4 Qh4+ 3. g3 Qe7 4. Nf3 exf4 5. d4 Qxe4+ 6. Be2 d5 7. Nc3 Qe6 8. Bxf4 c6 9. Qd2 Bb4 10. O-O-O Ne7
11. Rde1 O-O 12. Bd3 Qd7 13. Re2 Ng6 14. Bxb8 Rxb8 15. Bxg6 fxg6 16. Ne5 Qd8 17. a3 Bd6 18. Kb1 Bf5 19. h3 Bxe5 20. Rxe5 Re8
21. Rhe1 Rxe5 22. Rxe5 Qd7 23. g4 Be6 24. Qe3 Re8 25. Ne2 Bf7 26. Rxe8+ Qxe8 27. Qxe8+ Bxe8 28. Ka2 Bd7 29. b3 Kf7 30. c4 h5
31. gxh5 gxh5 32. h4 dxc4 33. bxc4 Be6 34. Kb3 b5 35. Kb4 Bxc4 36. Nc3 Kf6 37. Kc5 g5 38. hxg5+ Kxg5 39. Kxc6 h4 40. d5 h3
41. d6 Be6 42. Ne4+ Kf4 43. d7 Bxd7+ 44. Kxd7 Kxe4
0-1

[Event "Wintertime blues"]
[Site "SchemingMind.com"]
[Date "2024.02.15"]
[Round "-"]
[White "Phillip Beckett"]
[Black "Kenny Elliott"]
[Result "0-1"]
[WhiteCountry "ENG"]
[BlackCountry "USA"]
[WhiteElo "1450"]
[WhiteRD "54"]
[BlackElo "1493"]
[BlackRD "73"]
[GameID "742356"]

1. e4 e5 2. f4 d6 3. Nf3 Nf6 4. Nc3 Nc6 5. d3 Bg4 6. Be2 Bxf3 7. Bxf3 Be7 8. O-O O-O 9. fxe5 dxe5 10. Bg5 Nd4
11. Ne2 Nxf3+ 12. Rxf3 Qd6 13. Kh1 Qb6 14. b3 Rfe8 15. Ng3 Ng4 16. Bxe7 Rxe7 17. Qe2 Re6 18. Raf1 Rf8 19. h3 Nf6 20. Nf5 Nh5
21. Re3 Nf4 22. Qg4 g6 23. Nh6+ Kh8 24. g3 g5 25. Nf5 Ng6 26. Nh6 f6 27. Nf5 Ne7 28. Ref3 Nxf5 29. Rxf5 Qc5 30. Qf3 Kg7
31. Rxg5+ Kf7 32. Rf5 Ke7 33. Qh5 Rf7 34. g4 Qe3 35. Qh4 b5 36. R5f3 Qd2 37. g5 Kd6 38. gxf6 Qxc2 39. d4 exd4 40. Qg3+ Kd7
41. e5 Qg6 42. Qf4 c5 43. Rg1 Qc2 44. Rg2 Qb1+ 45. Kh2 Qe1 46. Rf1 Qxe5 47. Qxe5 Rxe5 48. Rg7 Ke6 49. Rxf7 Kxf7 50. Kg3 Re6
51. Rf5 Rd6 52. Rxc5 d3 53. Rc1 d2 54. Rd1 Kxf6 55. Kf2 Kf5 56. Ke2 Kg5 57. Rxd2 Rxd2+ 58. Kxd2 Kh4 59. Kc3 Kxh3 60. Kb4 h5
61. Kxb5 h4 62. a4 Kg2 63. Ka6 h3 64. Kxa7 h2 65. a5 h1=Q 66. a6 Qh7+ 67. Ka8 Qe4+ 68. Kb8 Qb4+ 69. Ka8 Qf8+ 70. Kb7 Qe7+
71. Ka8 Qd8+ 72. Kb7 Qd5+ 73. Ka7 Qc5+ 74. Kb7 Qb5+ 75. Ka7 Kf3 76. b4 Ke4
0-1

[Event "Wintertime blues"]
[Site "SchemingMind.com"]
[Date "2024.02.16"]
[Round "-"]
[White "Kenny Elliott"]
[Black "kenneth m day"]
[Result "0-1"]
[WhiteCountry "USA"]
[BlackCountry "USA"]
[WhiteElo "1452"]
[WhiteRD "72"]
[BlackElo "1662"]
[BlackRD "58"]
[GameID "742357"]

1. e4 e5 2. f4 d6 3. Nf3 exf4 4. d4 Nf6 5. Bxf4 Nxe4 6. Qd3 Bf5 7. Qb3 Qc8 8. Nc3 Be7 9. Nd5 Nc6 10. Bb5 Bd7
11. Bxc6 Bxc6 12. Nxe7 Kxe7 13. d5 Bd7 14. Qe3 Bf5 15. Nd2 Re8 16. O-O-O Kf8 17. Qf3 Bg4 18. Qd3 Nf2 19. Qd4 Nxd1 20. Bg3 Ne3
21. Rg1 Qf5 22. Qc3 Nxd5 23. Qb3 Ne3 24. h3 Bh5 25. Nc4 Nxc4 26. Qxc4 Rac8 27. Rf1 Qe6 28. Qb5 Be2
0-1

[Event "Wintertime blues"]
[Site "SchemingMind.com"]
[Date "2024.02.15"]
[Round "-"]
[White "kenneth m day"]
[Black "Kenny Elliott"]
[Result "1/2-1/2"]
[WhiteCountry "USA"]
[BlackCountry "USA"]
[WhiteElo "1611"]
[WhiteRD "61"]
[BlackElo "1539"]
[BlackRD "74"]
[GameID "742358"]

1. e4 e5 2. f4 d6 3. Nf3 Nf6 4. Nc3 Bg4 5. Be2 Bxf3 6. Bxf3 Nc6 7. d3 Be7 8. O-O O-O 9. fxe5 dxe5 10. Be3 a6
11. Bg5 Nd4 12. Be3 Nxf3+ 13. Qxf3 c5 14. Rad1 Qc7 15. Qf5 g6 16. Qg5 Nxe4 17. Qh6 Nxc3 18. bxc3 Bf6 19. Rf3 Bg7 20. Qh4 Rfe8
21. Rh3 h5 22. g4 Qe7 23. gxh5 Qxh4 24. Rxh4 gxh5 25. Rxh5 e4 26. d4 cxd4 27. cxd4 Rad8 28. Rg5 Kf8 29. c3 Bf6 30. Rf5 Rc8
31. Rxf6 Rxc3 32. Bc1 e3 33. Re1 e2 34. Rf2 Rxc1 35. Rxc1 e1=Q+ 36. Rxe1 Rxe1+ 37. Kg2 Rd1 38. Rb2 Rxd4 39. Rxb7 Rd2+ 40. Kg3 Rxa2
41. h4 Ra4 42. h5 Kg7 43. Rd7 a5 44. Rd5 Kh6 45. Rc5 f6 46. Rf5 Ra3+ 47. Kg4 Ra4+ 48. Kg3 Ra3+ 49. Kg4=
1/2-1/2

[Event "Wintertime blues"]
[Site "SchemingMind.com"]
[Date "2024.02.22"]
[Round "-"]
[White "Kenny Elliott"]
[Black "Goz"]
[Result "1-0"]
[WhiteCountry "USA"]
[BlackCountry "ENG"]
[WhiteElo "1452"]
[WhiteRD "72"]
[BlackElo "1453"]
[BlackRD "69"]
[GameID "742480"]

1. e4 e5 2. f4 exf4 3. Nf3 d6 4. d4 Nf6 5. Nc3 d5 6. exd5 Nxd5 7. Nxd5 Qxd5 8. Bxf4 Qa5+ 9. c3 Bd6 10. Bxd6 cxd6
11. Qe2+ Be6 12. Qe3 O-O 13. Bd3 d5 14. Ng5 Re8 15. Bxh7+ Kh8 16. O-O g6 17. Qe5+
1-0

[Event "Wintertime blues"]
[Site "SchemingMind.com"]
[Date "2024.02.21"]
[Round "-"]
[White "Goz"]
[Black "Kenny Elliott"]
[Result "1-0"]
[WhiteCountry "ENG"]
[BlackCountry "USA"]
[WhiteElo "1450"]
[WhiteRD "73"]
[BlackElo "1539"]
[BlackRD "74"]
[GameID "742481"]

1. e4 e5 2. f4 Nf6 3. d3 d6 4. Be2 Nc6 5. Be3 Be7 6. f5 O-O 7. Nc3 g6 8. g4 gxf5 9. gxf5 Kh8 10. Bh5 Nxh5
11. Qxh5 Bf6 12. Nd5 Nd4 13. O-O-O c6 14. Nxf6 Qxf6 15. Bxd4 exd4 16. Nf3 c5 17. Rhg1 b6 18. Ng5 h6 19. Rdf1 Bb7 20. Ne6 Rg8
21. Nc7 Rxg1 22. Rxg1 Rg8 23. Rxg8+ Kxg8 24. b3 Kf8 25. h4 Ke7 26. Qg4 Kd8 27. Nb5 a5 28. Kd2 d5 29. Qg8+ Ke7 30. Qb8 Bc6
31. Qc7+ Kf8 32. Na7 Be8 33. Nc8 Qxh4 34. Kc1 Qg5+ 35. Kb2 dxe4 36. dxe4 Qf6 37. Ka3 Bc6 38. Nd6 Bxe4 39. Nxe4 Qxf5 40. Nd6 Qxc2
41. Qxb6 d3 42. Ne4 Kg7 43. Qf6+ Kf8 44. Qxh6+ Ke7 45. Qd2 Qxd2 46. Nxd2 f5 47. Kb2 f4 48. Kc3 Ke6 49. Kxd3 Ke5 50. Kc4 Kf5
51. Kxc5 Kg4 52. b4 axb4 53. Kxb4 Kg3 54. a4 Kf2 55. a5 Ke3 56. Nc4+ Kd4 57. Nd2 Kd3 58. Nf3 Ke3 59. Ng5 Kd4 60. a6
1-0

[Event "Wintertime blues"]
[Site "SchemingMind.com"]
[Date "2024.02.21"]
[Round "-"]
[White "Phillip Beckett"]
[Black "Goz"]
[Result "0-1"]
[WhiteCountry "ENG"]
[BlackCountry "ENG"]
[WhiteElo "1484"]
[WhiteRD "54"]
[BlackElo "1453"]
[BlackRD "69"]
[GameID "742482"]

1. e4 e5 2. f4 d6 3. Nf3 Bg4 4. Bc4 Nd7 5. O-O exf4 6. d4 Bxf3 7. Qxf3 Nb6 8. Bb3 g5 9. h4 Bg7 10. c3 h6
11. hxg5 hxg5 12. g3 Rh3 13. Bxf4 gxf4 14. Qxf4 Nf6 15. e5 d5 16. exf6 Bxf6 17. Qxf6 Qxf6 18. Rxf6 Rxg3+ 19. Kf2 Rd3 20. Na3 Ke7
21. Rf3 Rd2+ 22. Kg3 Rxb2 23. Re1+ Kf8 24. Ref1 Re2 25. Rxf7+ Kg8 26. Rxc7 Rae8 27. Rf2 R2e3+ 28. Kg2 R3e7 29. Rxe7 Rxe7 30. Nb5 a6
31. Nd6 Rd7 32. Nf5 Nc4 33. Bxc4 dxc4 34. Kf1 Kh7 35. Ng3 b5 36. Rh2+ Kg6 37. Ne4 a5 38. Kf2 Rd5 39. Rg2+ Kh6 40. Ke3 b4
41. cxb4 axb4 42. Rc2 c3 43. a3 b3 44. Rxc3 Rb5 45. Nd2 b2 46. Nb1 Kg6 47. Kd2 Kf5 48. Kc2 Ke4 49. Rb3 Rc5+ 50. Kxb2 Kxd4
51. Rc3 Rb5+
0-1

[Event "Wintertime blues"]
[Site "SchemingMind.com"]
[Date "2024.02.21"]
[Round "-"]
[White "Goz"]
[Black "Phillip Beckett"]
[Result "0-1"]
[WhiteCountry "ENG"]
[BlackCountry "ENG"]
[WhiteElo "1433"]
[WhiteRD "71"]
[BlackElo "1450"]
[BlackRD "54"]
[GameID "742483"]

1. e4 e5 2. f4 Qh4+ 3. g3 Qe7 4. Bc4 exf4 5. Qf3 fxg3 6. hxg3 c6 7. d3 d5 8. Bb3 dxe4 9. dxe4 Nf6 10. Nc3 Be6
11. Bg5 h6 12. Bxf6 Qxf6 13. Bxe6 Qxf3 14. Nxf3 fxe6 15. O-O-O Nd7 16. Nh4 O-O-O 17. Ng6 Rg8 18. Rdf1 Bd6 19. Ne2 Nc5 20. e5 Bf8
21. Nc3 Nd7 22. Rd1 Bb4 23. Ne4 Nb6 24. Nd6+ Bxd6 25. exd6 Rge8 26. Ne7+ Kd7 27. Rhf1 Nc4 28. Rf7 Nxd6 29. Rxg7 Rxe7 30. Rg6 Kc7
31. Rxh6 Nf5 32. Rg6 Rxd1+ 33. Kxd1 Kd6 34. Kd2 Rg7 35. Rxg7 Nxg7 36. Ke2 Ke5 37. Kf3 Nf5 38. c3 b5 39. b4 Nd6 40. g4 Nc4
41. Kg3 Kf6 42. g5+ Kxg5 43. Kf3 e5 44. Ke4 Kf6 45. Kd3 Kf5 46. a4 Kf4 47. a5 e4+ 48. Kd4 Kf3 49. Kc5 e3 50. Kxc6 e2
51. Kxb5 e1=Q 52. Kxc4 Qe6+ 53. Kb5 Qd5+ 54. Ka4 a6 55. Ka3 Qc4 56. Kb2 Ke3 57. Kc2 Ke4 58. Kd2 Qb3 59. b5 Qxb5
0-1

[Event "Wintertime blues"]
[Site "SchemingMind.com"]
[Date "2024.02.21"]
[Round "-"]
[White "Goz"]
[Black "kenneth m day"]
[Result "0-1"]
[WhiteCountry "ENG"]
[BlackCountry "USA"]
[WhiteElo "1453"]
[WhiteRD "69"]
[BlackElo "1662"]
[BlackRD "58"]
[GameID "742484"]

1. e4 e5 2. f4 d6 3. f5 Nf6 4. d3 Be7 5. Be2 g6 6. g4 Nc6 7. Be3 d5 8. Nd2 dxe4 9. dxe4 O-O 10. Nb3 Nxe4
11. c3 Bh4+ 12. Kf1 gxf5 13. gxf5 Bxf5 14. Nf3 Bf6 15. Qe1 Kh8 16. Rd1 Bh3+ 17. Kg1 Rg8+
0-1

[Event "Wintertime blues"]
[Site "SchemingMind.com"]
[Date "2024.02.21"]
[Round "-"]
[White "kenneth m day"]
[Black "Goz"]
[Result "1-0"]
[WhiteCountry "USA"]
[BlackCountry "ENG"]
[WhiteElo "1611"]
[WhiteRD "61"]
[BlackElo "1450"]
[BlackRD "73"]
[GameID "742485"]

1. e4 e5 2. f4 d6 3. Nf3 Bg4 4. Be2 Bxf3 5. Bxf3 Nc6 6. d3 Nd4 7. O-O Qh4 8. g3 Nxf3+ 9. Qxf3 Qf6 10. Nc3 c6
11. fxe5 dxe5 12. Bd2 Be7 13. Qh5 Qg6 14. Qxe5 Nf6 15. Qc7 O-O 16. Qxe7 Rfe8 17. Qxb7 Ng4 18. h3 Ne3 19. Bxe3 Qxg3+ 20. Kh1 Qxe3
21. Kg2 Qb6 22. Qxb6 axb6 23. a3 Ra5 24. Rf2 Ree5 25. Ne2 c5 26. Nc3 b5 27. Nd5 c4 28. Raf1 f6 29. Nxf6+ gxf6 30. Rxf6 Rg5+
31. Kh2 Kg7 32. Rf7+ Kh6 33. R1f6+ Rg6 34. Rxg6+ hxg6 35. d4 b4 36. axb4 Ra2 37. c3 Rxb2+ 38. Kg3 Rc2 39. Rf3 Ra2 40. Re3 Rd2
41. e5 Ra2 42. e6 Ra8 43. e7 Re8 44. d5 Kg7 45. d6
1-0

[Event "Wintertime blues"]
[Site "SchemingMind.com"]
[Date "2024.02.23"]
[Round "-"]
[White "Kenny Elliott"]
[Black "pawngrabber"]
[Result "0-1"]
[WhiteCountry "USA"]
[BlackCountry "ENG"]
[WhiteElo "1452"]
[WhiteRD "72"]
[BlackElo "1816"]
[BlackRD "62"]
[GameID "742566"]

1. e4 e5 2. f4 exf4 3. Nf3 d6 4. Nc3 Nf6 5. d4 Be7 6. Bxf4 O-O 7. Bc4 Bg4 8. h3 Bxf3 9. Qxf3 Nc6 10. O-O-O Qc8
11. d5 Na5 12. Bd3 c5 13. dxc6 Qxc6 14. Qg3 Nh5 15. Qg4 Nxf4 16. Qxf4 h6 17. Qf1 Bf6 18. Nd5 Bg5+ 19. Kb1 Rac8 20. Nc3 Qb6
21. Nd5 Qc6 22. h4 Bd8 23. g3 b6 24. Qg2 b5 25. c3 Nc4 26. Bxc4 bxc4 27. Rd2 Qa4 28. Rhd1 Rc6 29. Ne3 Ra6 30. a3 Qb3
31. Nc2 Bf6 32. Qf3 Rb8 33. Na1 Qxa3 34. Qe2 Qxa1+ 35. Kc2 Qxb2#
0-1

[Event "Wintertime blues"]
[Site "SchemingMind.com"]
[Date "2024.02.23"]
[Round "-"]
[White "pawngrabber"]
[Black "Kenny Elliott"]
[Result "1-0"]
[WhiteCountry "ENG"]
[BlackCountry "USA"]
[WhiteElo "1804"]
[WhiteRD "62"]
[BlackElo "1495"]
[BlackRD "73"]
[GameID "742567"]

1. e4 e5 2. f4 exf4 3. Nf3 Nc6 4. Bc4 d6 5. O-O Bg4 6. Bxf7+ Kxf7 7. d4 Nf6 8. Bxf4 d5 9. e5 Ne4 10. Ng5+ Nxg5
11. Bxg5+
1-0

[Event "Wintertime blues"]
[Site "SchemingMind.com"]
[Date "2024.02.23"]
[Round "-"]
[White "pawngrabber"]
[Black "Phillip Beckett"]
[Result "0-1"]
[WhiteCountry "ENG"]
[BlackCountry "ENG"]
[WhiteElo "1816"]
[WhiteRD "62"]
[BlackElo "1484"]
[BlackRD "54"]
[GameID "742568"]

1. e4 e5 2. f4 Qh4+ 3. g3 Qe7 4. fxe5 d6 5. Nf3 dxe5 6. Bg2 Nc6 7. O-O Bg4 8. d3 O-O-O 9. Nc3 f6 10. a3 Nd4
11. Be3 Kb8 12. Qd2 Nxf3+ 13. Bxf3 Bxf3 14. Rxf3 Qe6 15. Nd5 Ne7 16. Rb1 Nxd5 17. exd5 Qxd5 18. Rff1 Bc5 19. b4 Bxe3+ 20. Qxe3 Qd4
21. Qxd4 Rxd4 22. Kf2 Rhd8 23. Rb3 e4 24. Ke3 exd3 25. Rxd3 Rxd3+ 26. cxd3 Re8+ 27. Kd2 c6 28. Rf4 Re5 29. h4 Kc7 30. a4 Kd6
31. Rd4+ Rd5 32. Ke3 Ke6 33. Re4+ Re5 34. g4 Kd6 35. d4 Rxe4+ 36. Kxe4 Ke6 37. h5 g6 38. hxg6 hxg6
0-1

[Event "Wintertime blues"]
[Site "SchemingMind.com"]
[Date "2024.02.23"]
[Round "-"]
[White "Phillip Beckett"]
[Black "pawngrabber"]
[Result "1/2-1/2"]
[WhiteCountry "ENG"]
[BlackCountry "ENG"]
[WhiteElo "1484"]
[WhiteRD "54"]
[BlackElo "1816"]
[BlackRD "62"]
[GameID "742569"]

1. e4 e5 2. f4 d5 3. exd5 c6 4. d4 exd4 5. Qxd4 Qxd5 6. Qxd5 cxd5 7. Bb5+ Bd7 8. Nc3 Bb4 9. Bxd7+ Nxd7 10. Bd2 Nb6
11. O-O-O Nf6 12. Nf3 O-O 13. Ne5 Nc4 14. Nxc4 dxc4 15. a3 Bxc3 16. Bxc3 Ne4 17. Bd4 b5 18. Rhe1 f5 19. Be5 Rfd8 20. Bc7 Rf8
21. Rd7 Rf7 22. Red1 a6 23. Be5 Raf8 24. Rxf7 Rxf7 25. Bd6 Rd7 26. Be5 Rxd1+ 27. Kxd1 Nf2+ 28. Ke2 Ng4 29. h3 Nxe5 30. fxe5 Kf7
31. Ke3 Ke6 32. Kd4 g5 33. b4 h5 34. g3 f4 35. gxf4 gxf4 36. Ke4 f3 37. Kxf3 Kxe5 38. Ke3 Kd5 39. c3 Ke5 40. Kf3 Kf5
41. h4 Ke5=
1/2-1/2

[Event "Wintertime blues"]
[Site "SchemingMind.com"]
[Date "2024.02.22"]
[Round "-"]
[White "pawngrabber"]
[Black "Goz"]
[Result "1-0"]
[WhiteCountry "ENG"]
[BlackCountry "ENG"]
[WhiteElo "1816"]
[WhiteRD "62"]
[BlackElo "1453"]
[BlackRD "69"]
[GameID "742570"]

1. e4 e5 2. f4 d6 3. Nf3 Bg4 4. Be2 Nc6 5. O-O exf4 6. d3 Bxf3 7. Bxf3 Qf6 8. Nc3 Nge7 9. Bh5 g5 10. g3 Bh6
11. gxf4 gxf4 12. Bd2 Rg8+ 13. Kh1 O-O-O 14. Ne2 Qxb2 15. Bxf7 Rg7 16. Bc3 Qxa1 17. Be6+ Kb8 18. Qxa1 Rg6 19. Bd5 Nxd5 20. exd5 Ne7
21. Nxf4 Bxf4 22. Rxf4 Nxd5 23. Rf7 Nxc3 24. Qxc3 c6 25. Qa5 Rc8 26. Qb4 Rc7 27. Rxc7 Kxc7 28. Qa5+ Kc8 29. Qxa7 Re6 30. Qf2 d5
31. Qf8+ Kd7 32. Qf5 h6 33. Kg1 Kd6 34. Qf7 b5 35. Qf8+ Kc7 36. Qc5 Re1+ 37. Kf2 Rh1 38. Kg2 Rd1 39. Qe7+ Kb6 40. Qe2 Ra1
41. c4 b4 42. Qb2 Rd1 43. Qxb4+ Kc7 44. cxd5 cxd5 45. Qc5+
1-0

[Event "Wintertime blues"]
[Site "SchemingMind.com"]
[Date "2024.02.22"]
[Round "-"]
[White "Goz"]
[Black "pawngrabber"]
[Result "0-1"]
[WhiteCountry "ENG"]
[BlackCountry "ENG"]
[WhiteElo "1453"]
[WhiteRD "69"]
[BlackElo "1816"]
[BlackRD "62"]
[GameID "742571"]

1. e4 e5 2. f4 exf4 3. Qg4 d5 4. Qxf4 Bd6 5. e5 Bc5 6. d4 Bb6 7. Be3 Ne7 8. Nc3 O-O 9. O-O-O Ng6 10. Qg3 Qh4
11. Nge2 Qxg3 12. hxg3 Be6 13. Nf4 Nxf4 14. gxf4 Nc6 15. Be2 f5 16. Rh4 Ne7 17. Rdh1 h6 18. g4 Ng6 19. Rh5 fxg4 20. Na4 Nxf4
21. Bxf4 Rxf4 22. Nxb6 axb6 23. c3 Rxa2 24. Bd3 Ra1+ 25. Kc2 Rxh1 26. Rxh1 g3 27. Rg1 Rf2+ 28. Kb3 g2 29. Ka3 h5 30. b3 h4
31. c4 h3
0-1

[Event "Wintertime blues"]
[Site "SchemingMind.com"]
[Date "2024.02.22"]
[Round "-"]
[White "pawngrabber"]
[Black "kenneth m day"]
[Result "0-1"]
[WhiteCountry "ENG"]
[BlackCountry "USA"]
[WhiteElo "1804"]
[WhiteRD "61"]
[BlackElo "1646"]
[BlackRD "60"]
[GameID "742572"]

1. e4 e5 2. f4 d6 3. Nf3 exf4 4. Bc4 h6 5. d4 g5 6. Nc3 Bg7 7. O-O Bg4 8. Qd3 Nd7 9. b4 Ne7 10. Bb2 Nc6
11. a3 O-O 12. Ne2 a6 13. c3 Rc8 14. Bb3 Re8 15. Bc2 Nf6 16. d5 Ne5 17. Ned4 Nxd3
0-1

[Event "Wintertime blues"]
[Site "SchemingMind.com"]
[Date "2024.02.22"]
[Round "-"]
[White "kenneth m day"]
[Black "pawngrabber"]
[Result "0-1"]
[WhiteCountry "USA"]
[BlackCountry "ENG"]
[WhiteElo "1646"]
[WhiteRD "60"]
[BlackElo "1804"]
[BlackRD "61"]
[GameID "742573"]

1. e4 e5 2. f4 d5 3. exd5 c6 4. Nc3 exf4 5. Nf3 Nf6 6. d4 cxd5 7. Bxf4 Bb4 8. Bd2 O-O 9. Be2 Nc6 10. O-O Be6
11. Bd3 a6 12. a3 Bd6 13. h3 Qd7 14. Be3 Rfe8 15. Qe2 Ne7 16. Ne5 Qc7 17. Bf4 Nc6 18. Qe3 Nd7 19. Rae1 Ncxe5 20. Bxe5 Nxe5
21. Kh1 Nxd3 22. Qxd3 b5 23. Qf3 Rac8 24. Nxd5 Bxd5 25. Qxd5 Rxe1 26. Rxe1 Rd8 27. Qe4 Qd7 28. Qd3 Re8 29. Rf1 Qe6 30. Qd2 Qg6
0-1

[Event "Wintertime blues"]
[Site "SchemingMind.com"]
[Date "2024.02.29"]
[Round "-"]
[White "Kenny Elliott"]
[Black "Clive Everill"]
[Result "1-0"]
[WhiteCountry "USA"]
[BlackCountry "CZE"]
[WhiteElo "1493"]
[WhiteRD "73"]
[BlackElo "1681"]
[BlackRD "55"]
[GameID "742717"]

1. e4 e5 2. f4 exf4 3. Nf3 g5 4. Bc4 Bg7 5. d4 h6 6. b3 d6 7. Bb2 Bg4 8. Qd3 Ne7 9. Nbd2 Nbc6 10. O-O-O Na5
11. h3 Bh5 12. Rdg1 Qd7 13. g3 fxg3 14. Rxg3 O-O-O 15. Nxg5 hxg5 16. Rxg5 Bf6 17. Rxa5 Kb8 18. b4 Nc6 19. Ra4 Ne7 20. Qa3 Nc6
21. b5 Kc8 22. bxc6 Qxc6 23. Rxa7 Kd7 24. d5 Bxb2+ 25. Qxb2 Qc5 26. Bb5+ Ke7 27. Rxb7 Rhg8 28. Rf1 Rg6 29. Bd3 Ra8 30. e5 Rg1
31. Rxc7+ Qxc7 32. exd6+ Kxd6 33. Rxg1 Re8 34. Qa3+ Kxd5 35. Bc4+
1-0

[Event "Wintertime blues"]
[Site "SchemingMind.com"]
[Date "2024.02.28"]
[Round "-"]
[White "Clive Everill"]
[Black "Kenny Elliott"]
[Result "1-0"]
[WhiteCountry "CZE"]
[BlackCountry "USA"]
[WhiteElo "1705"]
[WhiteRD "60"]
[BlackElo "1452"]
[BlackRD "72"]
[GameID "742718"]

1. e4 e5 2. f4 Nf6 3. Nc3 Nc6 4. fxe5 Nxe5 5. d4 Nc6 6. e5 Ng8 7. Nf3 Bb4 8. Bc4 Nge7 9. Ng5 O-O 10. Qh5 h6
11. Nxf7 Rxf7 12. Bxf7+ Kh8 13. Bxh6 Bxc3+ 14. bxc3 Nd5 15. Bg5#
1-0

[Event "Wintertime blues"]
[Site "SchemingMind.com"]
[Date "2024.02.28"]
[Round "-"]
[White "pawngrabber"]
[Black "Clive Everill"]
[Result "1/2-1/2"]
[WhiteCountry "ENG"]
[BlackCountry "CZE"]
[WhiteElo "1816"]
[WhiteRD "62"]
[BlackElo "1705"]
[BlackRD "60"]
[GameID "742719"]

1. e4 e5 2. f4 d5 3. exd5 exf4 4. Nf3 Nf6 5. Bc4 c6 6. O-O cxd5 7. Re1+ Be7 8. Bb3 O-O 9. d3 Bd6 10. Qd2 Be6
11. Nc3 Nc6 12. Nb5 Be7 13. Kh1 a6 14. Nbd4 Nxd4 15. Nxd4 a5 16. a4 Qd7 17. Qxf4 Bd6 18. Qh4 Rfe8 19. Bd2 Be7 20. Qf4 Nh5
21. Qf2 Bc5 22. Bc3 Ra6 23. Qh4 Nf6 24. Nf3 Be7 25. Ng5 h6 26. Nxe6 fxe6 27. Qg3 Bd6 28. Qg6 Qf7 29. Qxf7+ Kxf7 30. Bxf6 gxf6
31. d4 Raa8 32. c3 Rac8 33. Bd1 Rg8 34. Bf3 Rg5 35. Re2 Re8 36. Rae1 Rgg8 37. Bh5+ Kf8 38. Bxe8 Kxe8 39. Rxe6+ Kd7 40. Rxf6 h5
41. Rh6 Rg7 42. Rxh5 Bf4 43. Rxd5+ Kc6 44. Rh5 b6 45. g3 Bc7 46. Kg2 Kd7 47. Rh6 Rf7 48. h4 Rg7 49. Re3 Bf4 50. Rf3 Bxh6
51. Kh3 Bc1 52. b3 Ke6 53. g4 Rh7 54. Rf5 Bd2 55. d5+ Kd6 56. c4 Re7 57. h5 Re3+ 58. Kh4 Be1+ 59. Kg5 Rg3 60. h6 Bd2+
61. Kh4 Be1 62. h7 Rg1+ 63. Kg5 Rh1 64. Kg6 Bc3 65. Rh5 Rg1 66. g5 Bh8 67. Kf7 Re1 68. g6 Re7+ 69. Kf8 Kd7 70. d6 Rg7
71. Rb5 Kc6 72. Rf5 Kxd6 73. Rf6+ Kc5 74. Ke8 Rb7 75. Rf7 Rb8+ 76. Ke7 Rb7+ 77. Ke6 Rb8 78. g7 Bxg7 79. Rxg7 Rh8 80. Kf6 Kb4
81. Kg6 Kxb3 82. Rg8 Rxh7 83. Kxh7 Kxa4 84. Rb8 Kb4 85. Rxb6+ Kxc4 86. Kg6 a4 87. Kf5 a3 88. Ra6 Kb3 89. Ke4 Kb2 90. Kd3 a2
91. Kd2 a1=Q 92. Rxa1=
1/2-1/2

[Event "Wintertime blues"]
[Site "SchemingMind.com"]
[Date "2024.02.28"]
[Round "-"]
[White "Clive Everill"]
[Black "pawngrabber"]
[Result "0-1"]
[WhiteCountry "CZE"]
[BlackCountry "ENG"]
[WhiteElo "1705"]
[WhiteRD "60"]
[BlackElo "1816"]
[BlackRD "62"]
[GameID "742720"]

1. e4 e5 2. f4 exf4 3. Bc4 d6 4. d4 Nf6 5. Nc3 Be7 6. Bxf4 O-O 7. Nf3 Bg4 8. O-O c5 9. d5 Nbd7 10. h3 Bxf3
11. Qxf3 a6 12. a4 Nb6 13. Be2 Nfd7 14. Nd1 Bf6 15. c3 Ne5 16. Bxe5 Bxe5 17. Ne3 Nd7 18. Ng4 Qe7 19. b4 cxb4 20. Nxe5 Nxe5
21. Qe3 bxc3 22. Qxc3 Rac8 23. Qb3 Rc5 24. Rab1 Rc7 25. a5 Rfc8 26. Bf3 Qg5 27. Kh2 Rc2 28. Rb2 Nxf3+ 29. Qxf3 f6 30. Rxc2 Rxc2
31. Rf2 Rxf2 32. Qxf2 Qe5+ 33. Qg3 Qxe4 34. Qb3 Qe7 35. g4 Qe2+ 36. Kg3 Qb5 37. Qa2 b6 38. axb6 Qxb6 39. Qc4 Qc5 40. Qe4 Qc3+
41. Kg2 Qe5 42. Qc4 Kf7 43. Qc7+ Kg6 44. Qc2+ Kh6 45. Qd2+ g5 46. Qa5 Qe2+ 47. Kg3 Qe5+ 48. Kg2 f5 49. gxf5 Qxf5 50. Qd2 Kg6
51. Qa2 h5 52. Kh2 g4 53. hxg4 hxg4 54. Qa5 Qf2+ 55. Kh1 g3
0-1

[Event "Wintertime blues"]
[Site "SchemingMind.com"]
[Date "2024.02.28"]
[Round "-"]
[White "Clive Everill"]
[Black "Phillip Beckett"]
[Result "1-0"]
[WhiteCountry "CZE"]
[BlackCountry "ENG"]
[WhiteElo "1705"]
[WhiteRD "60"]
[BlackElo "1484"]
[BlackRD "54"]
[GameID "742721"]

1. e4 e5 2. f4 Qh4+ 3. g3 Qe7 4. fxe5 d6 5. exd6 Qxe4+ 6. Qe2 Qxe2+ 7. Nxe2 Bxd6 8. Bg2 c6 9. O-O Nf6 10. d4 O-O
11. Bg5 Nd5 12. Nd2 h6 13. Bxd5 hxg5 14. Bb3 Bg4 15. Nc1 Nd7 16. Ne4 Bc7 17. Nxg5 Nf6 18. a4 Rfe8 19. Bxf7+ Kf8 20. Bxe8 Rxe8
21. Nb3 Re2 22. Rf2 Re7 23. Nc5 b6 24. Na6 Bd8 25. Nb4 Kg8 26. Nxc6 Rd7 27. h3 Bh5 28. Re1 Bc7 29. Kg2 Bg6 30. Ne7+
1-0

[Event "Wintertime blues"]
[Site "SchemingMind.com"]
[Date "2024.02.28"]
[Round "-"]
[White "Phillip Beckett"]
[Black "Clive Everill"]
[Result "1/2-1/2"]
[WhiteCountry "ENG"]
[BlackCountry "CZE"]
[WhiteElo "1484"]
[WhiteRD "54"]
[BlackElo "1705"]
[BlackRD "60"]
[GameID "742722"]

1. e4 e5 2. f4 Bc5 3. Nf3 d6 4. Bc4 Nf6 5. c3 Nxe4 6. d4 exd4 7. cxd4 Bb4+ 8. Bd2 Bxd2+ 9. Nbxd2 d5 10. Nxe4 dxc4
11. O-O O-O 12. Nfg5 h6 13. Qh5 f6 14. Qg6 Qxd4+ 15. Kh1 fxg5 16. fxg5 Rxf1+ 17. Rxf1 Nd7 18. gxh6 b6 19. h7+ Kh8 20. Qe8+ Kxh7
21. Qh5+ Kg8 22. Qe8+ Kh7 23. Qh5+ Kg8 24. Qf7+=
1/2-1/2